| 000 | 00866nam a22002417a 4500 | ||
|---|---|---|---|
| 003 | OSt | ||
| 005 | 20250826162036.0 | ||
| 008 | 250822b |||||||| |||| 00| 0 eng d | ||
| 037 | _cDissertation | ||
| 040 |
_aFEDL _beng _cFEDL |
||
| 041 |
_aeng _heng |
||
| 082 | _a378 THI/DI | ||
| 100 |
_aThingujam, Bipurani _9818636 |
||
| 110 |
_aUniversity of Delhi. Department of Education _9818316 |
||
| 245 |
_aIssues and challenges of orphan students in higher education: _b A study on University of Delhi/ _cby Thingujam, Bipurani; Pinkal Chaudhari. Supervisor |
||
| 260 | _bUniversity of Delhi | ||
| 300 | _a50p. | ||
| 650 | _aHIGHER EDUCATION | ||
| 650 |
_aORPHAN STUDENTS – CHALLENGES/ EDUCATIONAL ISSUES _9818888 |
||
| 700 |
_aChaudhari, Pinkal. Supervisor _9818637 |
||
| 942 |
_2ddc _cDIS _h378 THI/DI _n0 |
||
| 999 |
_c1434844 _d1434844 |
||